Act No.20 of 1916. Date of Commencement, 30th May, 1916 : (Record no. 1051)

MARC details
000 -LEADER
fixed length control field 00482nam a22001577a 4500
005 - DATE AND TIME OF INPUT
control field 20231129131246.0
008 - DATA ELEMENTS--GENERAL INFORMATION
fixed length control field 231129b |||||||| |||| 00| 0 eng d
041 ## - LANGUAGE CODE
Language code of text English
082 ## - SHELF NUMBER
DDC number 340.06 ACT
100 ## - MAIN AUTHOR
Language of a work English
245 ## - TITLE STATEMENT
Title Act No.20 of 1916. Date of Commencement, 30th May, 1916 :
Sub-title The Law Society of the Cape of Good Hope
260 ## - PUBLICATION, DISTRIBUTION, ETC.
Date of publication, distribution, etc. 1916
300 ## - PHYSICAL DESCRIPTION
Other physical details 75 pages ;
Dimensions 22,5 cm.
650 ## - SUBJECT`
Broad subject Legal practice
Own subject terms Law
942 ## - ADDED ENTRY ELEMENTS (KOHA)
Item type Books
942 ## - ADDED ENTRY ELEMENTS (KOHA)
-- ALISON_BN_VRIES
Holdings
Source of classification or shelving scheme Not for loan Collection code Home library Current library Shelving location Date acquired Full call number Barcode Price effective from Koha item type
Dewey Decimal Classification   TEXT BOOKS LAW SOCIETY OF NAMIBIA LIBRARY - WINDHOEK LAW SOCIETY OF NAMIBIA LIBRARY - WINDHOEK General Shelf 11/29/2023 340.06 ACT LSN/1990/15 11/29/2023 Books